Available copies
- 25 of 25 copies available at Headquarters.
Current holds
0 current holds with 25 total copies.
| Location | Call Number / Copy Notes | Barcode | Shelving Location | Status | Due Date |
|---|---|---|---|---|---|
| Accra Central Library | 201 JFIC/COL | 000001715453 | Childrens' Fiction - CHN | Available | - |
| Accra Central Library | 201 JFIC/COL | 000001715460 | Childrens' Fiction - CHN | Available | - |
| Accra Central Library | 201 JFIC/COL | 000001715477 | Childrens' Fiction - CHN | Available | - |
| Accra Central Library | 201 JFIC/COL | 000001715484 | Childrens' Fiction - CHN | Available | - |
| Accra Central Library | 201 JFIC/COL | 000001715491 | Childrens' Fiction - CHN | Available | - |
| Accra Central Library | 201 JFIC/COL | 000001715507 | Childrens' Fiction - CHN | Available | - |
| Accra Central Library | 201 JFIC/COL | 000001715514 | Childrens' Fiction - CHN | Available | - |
| Accra Central Library | 201 JFIC/COL | 000001715521 | Childrens' Fiction - CHN | Available | - |
| Accra Central Library | 201 JFIC/COL | 000001715538 | Childrens' Fiction - CHN | Available | - |
| Accra Central Library | 201 JFIC/COL | 000001715545 | Childrens' Fiction - CHN | Available | - |
| Next 10 » | |||||
Record details
- ISBN: 9780198391401
- Physical Description: PAPERBACK
- Publisher: Oxford Oxford University Press 2014
Search for related items by subject
| Subject: | ELEMENTARY READING |
| LDR | 00620cam a2200205Ka 4500 | ||
|---|---|---|---|
| 001 | 81639 | ||
| 003 | HQ | ||
| 005 | 20210621105158.0 | ||
| 008 | 070101s xxka br 1 eng d | ||
| 020 | . | ‡a9780198391401 | |
| 037 | . | ‡aBOOK AID | |
| 082 | . | ‡aJFIC/COL | |
| 100 | . | ‡aSteve Cole | |
| 245 | . | ‡aThe Fury of Vogoss | |
| 260 | . | ‡a Oxford ‡b Oxford University Press ‡c2014 | |
| 300 | . | ‡aPAPERBACK | |
| 650 | . | ‡aELEMENTARY READING | |
| 901 | . | ‡a81639 ‡bAUTOGEN ‡c81639 ‡tbiblio | |

Add to basket
Permalink
Disable Highlighting